Térinformatikai megoldások önkormányzatok és helyi közösségek részére

Bibliográfiai részletek
Szerző: Tircsi László
További közreműködők: Gubán Dr. Ákos
Dokumentumtípus: Diplomadolgozat
Kulcsszavak:Szakdolgozat
térinformatika
JAVA
Online Access:http://dolgozattar.uni-bge.hu/9647

MARC

LEADER 00000nta a2200000 i 4500
001 dolg9647
005 20161220105937.0
008 161220suuuu hu om 000 hun d
040 |a BGE Dolgozattár Repozitórium  |b hun 
041 |a hu 
100 1 |a Tircsi László 
245 1 0 |a Térinformatikai megoldások önkormányzatok és helyi közösségek részére  |c Tircsi László  |h [elektronikus dokumentum] 
246 1 1 |a Térinformatikai megoldások önkormányzatok és helyi közösségek részére 
695 |a Szakdolgozat 
695 |a térinformatika 
695 |a JAVA 
700 1 |a Gubán Dr. Ákos  |e ths 
856 4 0 |u http://dolgozattar.uni-bge.hu/9647/1/Szakdolgozat_Tircsi_L%C3%A1szl%C3%B3_2016dec.pdf  |z Dokumentum-elérés 
856 4 0 |u http://dolgozattar.uni-bge.hu/9647/7/Tircsi%20L%C3%A1szl%C3%B3_nyilatkozat.pdf  |z Dokumentum-elérés